| 000 | 00920nam a2200229 a 4500 | ||
|---|---|---|---|
| 001 | 54330 | ||
| 003 | BD-RjUL | ||
| 005 | 20211209080114.0 | ||
| 008 | 161106s1950 ii ||||| |||| 00| 0 ben d | ||
| 035 | _a(BD-RjUL)54452 | ||
| 040 |
_aBD-RjUL _bben _cBD-RjUL _dBD-RjUL |
||
| 041 | _aben | ||
| 082 |
_223 _a297.61 _bULK 1950 |
||
| 100 |
_aউল্লা, খানবাহাদুর আহছান _9135829 |
||
| 245 | 1 | 0 |
_aকুতবুল আকতাব হাজী ওয়ারেছ আলী শাহ / _cখানবাহাদুর আহছান উল্লা |
| 250 | _a২য় সং. | ||
| 260 |
_aকলিকাতা : _bমোহাম্মদ রফিকুল হাসান, _c১৯৫০. |
||
| 300 |
_a[৮], ১২১ পৃ. ; _c১৬ সেমি |
||
| 650 |
_aইসলামী নেতৃবৃন্দ _9144179 |
||
| 650 |
_aIslamic Leaders _9162155 |
||
| 942 |
_2ddc _cBK |
||
| 999 |
_c54330 _d54330 |
||